| 000 | 00800nam a2200277 4500 | ||
|---|---|---|---|
| 001 | 33664 | ||
| 003 | BD-RjUL | ||
| 005 | 20211209052036.0 | ||
| 008 | 140510s1972 fr a b i000 0 eng | ||
| 020 | _a9231010042 | ||
| 035 | _a(BD-RjUL)33755 | ||
| 040 |
_aDLC _cDLC _dDLC _dBD-RjUL _beng |
||
| 041 | _aeng | ||
| 082 | 0 | 0 |
_a338.4770095493 _bBAC 1972 |
| 100 | 1 |
_aBandara, H. H. _9102213 |
|
| 245 | 1 | 0 |
_aCultural policy in Sri Lanka / _cH. H. Bandara. |
| 260 |
_aParis : _bUnesco, _cc1972. |
||
| 300 |
_a70 p. : _bill. ; _c25 cm. |
||
| 350 | _a$2.00 (U.S.) | ||
| 504 | _aIncludes bibliographical references. | ||
| 651 | 0 |
_aSri Lanka _xCultural policy. _9102215 |
|
| 942 |
_2ddc _cBK |
||
| 999 |
_c33664 _d33664 |
||